000 00417nam a2200169Ia 4500
008 230711s9999||||xx |||||||||||||| ||und||
020 _a978-81-8333-008-4
041 _aENG
082 _a5.133
_bBA-H
100 _aBayross,Ivan
245 0 _aHTML, javascript, dhtml and php
250 _a4th Ed.
260 _c2010
_aNew Delhi
_bBPB Publications
300 _a539p.
650 _aComputer Engineering
942 _cBK
999 _c6025
_d6025